• 首页
  • 本馆介绍
  • 公告通知
  • 最新文献
  • 馆藏检索
  • 电子资源
  • 读者导购
  • 参考咨询
  • 我的图书馆
  • 登录
  • 详细信息显示
  • 放入我的书架
  • 预约/预借图书
  • 作者相关作品
  • 分类相关作品
  • 丛书相关作品
  • 出版社相关作品

书目信息

  • 表格格式
  • 工作单格式
  • 卡片格式
题名:
中国二十年重案追踪
    
 
作者: 元坤 编著
分册:   扫黄打非案
出版信息: 北京   中国长安出版社  2011
页数: 184页
开本: 24cm
丛书名:
单 册:
中图分类: D920.5 , D922.165
科图分类:
主题词: 案例--中国--现代--汇编 , 出版工作--市场管理--案例--中国--现代--汇编
电子资源:
ISBN: 978-7-5107-0337-9
000 00914nam0 22002531 45
001 1237532513
005 20120618090309.46
010    @a978-7-5107-0337-9@dCNY29.80
100    @a20110424d2011 em y0chiy50 ea
101 0  @achi
102    @aCN@b110000
105    @ay z 000yy
106    @ar
200 1  @a中国二十年重案追踪@AZhong Guo Er Shi Nian Zhong An Zhui Zong@i扫黄打非案@ISao Huang Da Fei An@f元坤编著@FYuan Kun Bian Zhu
210    @a北京@c中国长安出版社@d2011
215    @a184页@d24cm
330    @a本书记录了网络色情第一案、农村卖淫窝点案、特大磨码盗版光盘案、特大色情网站联盟案、全球最大规模盗版软件案、毒害青少年的动漫色情案等扫黄打非类案件。
606 0  @a案例@y中国@z现代@j汇编
606 0  @a出版工作@x市场管理@x案例@y中国@z现代@j汇编
690    @aD920.5@v4
690    @aD922.165@v4
701  0 @a元坤@AYuan Kun@4编著
801  0 @aCN@bTSTCL@c20120604
905    @b0816276-79@dD920.5@e985:2@f4
    
    中国二十年重案追踪.扫黄打非案/元坤编著.-北京:中国长安出版社,2011
    184页;24cm
    
    
    ISBN 978-7-5107-0337-9:CNY29.80
    本书记录了网络色情第一案、农村卖淫窝点案、特大磨码盗版光盘案、特大色情网站联盟案、全球最大规模盗版软件案、毒害青少年的动漫色情案等扫黄打非类案件。
●
相关链接 在E读中查询图书 在五车中查询图书 在当当中查询图书 在豆瓣中查询图书


正题名:中国二十年重案追踪     索取号:D920.5/985:2         预约/预借

序号 登录号 条形码 馆藏地/架位号 状态 备注
1 0816276   208162762   第一样本阅览室/ [索取号:D920.5/985:2] 在馆    
2 0816277   208162771   第一借阅区/ [索取号:D920.5/985:2] 在馆    
3 0816278   208162780   第一借阅区/ [索取号:D920.5/985:2] 在馆    
4 0816279   208162799   第一借阅区/ [索取号:D920.5/985:2] 在馆    
唐山师范学院图书馆 欢迎您!
大连网信软件有限公司© 版权所有